Catástrofes de Chile: álbum de prensa de antaño

Guardat en:
Dades bibliogràfiques
Autor principal: Lanza Lazcano, Carlos (Autor)
Format: Llibre
Idioma:espanyol
Publicat: Santiago Ril Editores 2012
Edició:1a. ed
Matèries:
Etiquetes: Afegir etiqueta
Sense etiquetes, Sigues el primer a etiquetar aquest registre!

MARC

LEADER 00000cam a2200000 a 4500
001 UCF7807
003 CL-VaPUC
008 130704e20120500CL |||||||||||||||||spa|d
020 |a 9789562848688 
082 0 4 |a 983  |b LAN  |2 21 
100 |a Lanza Lazcano, Carlos  |e author  |9 324568 
245 1 0 |a Catástrofes de Chile: álbum de prensa de antaño 
250 |a 1a. ed 
300 |a 234 p 
942 |c BK 
945 |d 20130704 00:00:00  |a dcastane 
260 |a Santiago  |b Ril Editores  |c 2012 
650 0 |a Historia de Chile  |9 265473 
650 0 |a Catástrofes naturales  |9 268107 
650 0 |a Terremotos  |9 267728 
583 |a last modification  |c 20130704 11:43:00  |k Rodrigo Vera 
999 |c 352569  |d 352567 
952 |0 0  |1 0  |4 0  |6 983_000000000000000_LAN_2012  |7 0  |8 A  |9 457132  |a BIBING  |b BIBING  |d 2019-11-22  |i 4983262  |o 983 LAN 2012  |p 4983262  |r 2025-01-20  |w 2019-11-22  |y BK  |k CUI